THEA STILTON AND THE FROZEN FIASCO (Record no. 12341)

MARC details
000 -LEADER
fixed length control field 00284nam a22000977a 4500
008 - FIXED-LENGTH DATA ELEMENTS--GENERAL INFORMATION
fixed length control field 230706b |||||||| |||| 00| 0 eng d
020 ## - INTERNATIONAL STANDARD BOOK NUMBER
International Standard Book Number 9789386313768
100 ## - MAIN ENTRY--PERSONAL NAME
Personal name STILTON GERONIMO
9 (RLIN) 7367
245 ## - TITLE STATEMENT
Title THEA STILTON AND THE FROZEN FIASCO
260 ## - PUBLICATION, DISTRIBUTION, ETC. (IMPRINT)
Place of publication, distribution, etc. NEW DELHI
Name of publisher, distributor, etc. POLYKAM OFFEST NARAINA
Date of publication, distribution, etc. 2023
Holdings
Withdrawn status Lost status Source of classification or shelving scheme Damaged status Koha normalized classification for sorting Not for loan Home library Current library Shelving location Date acquired Total Checkouts Full call number Barcode Date last seen Price effective from Koha item type
    Dewey Decimal Classification   STI_17589_000000000000000   Good Samaritan School Library Good Samaritan School Library FICTION 07/06/2023   STI17589 STI823 07/06/2023 07/06/2023 BOOK

Powered by Koha